| 000 | 00533nam a2200145Ia 4500 | ||
|---|---|---|---|
| 008 | 170221s9999 xx 000 0 und d | ||
| 100 | _aThomas E. Wilson, Jr. | ||
| 245 | _aRanking accounting programs based on student perceptions of teaching quality from RateMyProfessors.com | ||
| 245 | _cThomas E. Wilson, Jr., University of Louisiana at Lafayette. | ||
| 260 | _bJournal of Management and Marketing Research | ||
| 260 | _c2016 | ||
| 300 | _a5 : 4 | ||
| 650 | _xBusiness | ||
| 856 | _uhttp://www.aabri.com/manuscripts/142038.pdf | ||
| 999 |
_c313492 _d313492 |
||